000 00921 a2200253 4500
003 Nust
005 20170207154010.0
010 _a 2004555544
020 _a0596001487
035 _a(OCoLC)ocm46726902
040 _cNust
082 0 0 _a005.446
100 1 _aFrisch, AEleen.
245 1 0 _aWindows 2000 commands pocket reference -(E-BOOK)
_cAEleen Frisch.
250 _a1st ed.
260 _aBeijing ;
_aSebastopol, CA :
_bO'Reilly,
_cc2001.
300 _avi, 110 p. ;
_c18 cm.
500 _a"Includes Resource Kit commands"--Cover.
650 0 _aOperating systems (Computers)
651 _aE-BOOK
856 4 2 _3Contributor biographical information
_uhttp://www.loc.gov/catdir/enhancements/fy0912/2004555544-b.html
856 4 2 _3Publisher description
_uhttp://www.loc.gov/catdir/enhancements/fy0715/2004555544-d.html
856 4 2 _3Table of contents only
_uhttp://www.loc.gov/catdir/enhancements/fy1010/2004555544-t.html
942 _2ddc
_cBK
999 _c191180
_d191180